00582nam a2200193Ia 4500001000700000003000500007008004100012010001100053040000900064082001500073100005800088245011500146260006300261300002200324440000500346500000500351503001100356650002100367Z_2660CHAP220113s1984 xx 000 0 und d a165720 cCHAP a615.892 I5 aInstituto de la Medicina Tradicional china de Beijing aFundamentos de acupuntura y moxibustion de China /cpor Instituto de la Medicina Tradicional China de Beijing aBeijing, China :bEdiciones en Lenguas Extranjeras,c1984 a461 p. : bilus. a a a145686 aAcupuntura China